Every city in Misiones, Argentina - Statistics

General Stats
  • This quiz has been taken 112 times
    88 since last reset
  • The average score is 25 of 134
Answer Stats
City Population % Correct
Posadas 275,028
92%
Puerto Iguazú 41,062
85%
Oberá 63,960
77%
Eldorado 57,323
62%
San Ignacio 7,772
62%
Apóstoles 24,083
54%
Bernardo de Irigoyen 6,492
54%
25 de Mayo 3,838
46%
Garupá 13,595
46%
Jardín América 22,762
46%
Leandro N. Alem 23,339
46%
Montecarlo 18,827
46%
San Antonio 3,665
46%
San José 5,338
46%
San Pedro 10,397
46%
Santa Ana 4,985
46%
Campo Grande 6,547
38%
Campo Viera 7,099
38%
Candelaria 13,777
38%
Cerro Azul 3,049
38%
Colonia Aurora 832
38%
Dos de Mayo 6,504
38%
El Soberbio 5,065
38%
Puerto Rico 15,995
38%
San Javier 9,058
38%
San Martín 815
38%
San Vicente 21,068
38%
Alba Posse 486
31%
Aristóbulo del Valle 12,375
31%
Campo Ramón 1,235
31%
Capioví 3,495
31%
Colonia Wanda 13,901
31%
Comandante Andresito 11,482
31%
Concepción de la Sierra 6,332
31%
Garuhapé 5,325
31%
Gobernador Roca 3,007
31%
Guaraní 2,824
31%
Pindapoy 732
31%
Puerto Esperanza 15,204
31%
Ruiz de Montoya 1,672
31%
Salto Encantado 3,543
31%
Santa Rita 1,433
31%
Bonpland 1,842
23%
Caraguatay 1,440
23%
Corpus 2,475
23%
El Alcázar 3,034
23%
Hipólito Yrigoyen 1,271
23%
Itacaruaré 1,108
23%
Panambí 700
23%
Santa María 199
23%
Santo Pipó 3,109
23%
Tres Capones 485
23%
Alicia Alta 277
15%
Alicia Baja 219
15%
Azara 3,165
15%
Caburei 225
15%
Cerro Corá 684
15%
Dos de Mayo Núcleo III 739
15%
Dos Hermanas 1,956
15%
Estación Apóstoles 2,627
15%
Fracrán 471
15%
General Alvear 130
15%
Loreto 309
15%
Olegario V. Andrade 441
15%
Piñalito Norte 179
15%
Piñalito Sur 107
15%
Profundidad 385
15%
Pueblo Illia 348
15%
Puerto Andresito 219
15%
Puerto Leoni 1,114
15%
Puerto Libertad 5,765
15%
Puerto Piray 7,430
15%
San Alberto 838
15%
San Miguel 1,486
15%
Tobuna 350
15%
Villa Bonita 1,664
15%
1 de Mayo 403
8%
9 de Julio Kilómetro 20 1,528
8%
9 de Julio Kilómetro 28 339
8%
Arroyo del Medio 350
8%
Colonia Alberdi 759
8%
Colonia Polana 109
8%
Colonia Victoria 1,461
8%
Copioviciño 501
8%
Cruce Caballero 408
8%
General Urquiza 372
8%
Los Helechos 344
8%
Mbopicuá 254
8%
Mojón Grande 630
8%
Panambí Kilómetro 15 163
8%
Panambí Kilómetro 8 1,422
8%
Paraíso 975
8%
Piray Kilómetro 18 300
8%
Puerto Pinares 2,743
8%
San Gotardo 273
8%
Villa Parodi 204
8%
Almafuerte 297
0%
Barrio Cuatro Bocas 336
0%
Barrio Escuela 461 411
0%
Barrio Escuela 633 719
0%
Barrio Guatambú 305
0%
Barrio Itá 581
0%
Barrio Nuevo Garupa 375
0%
Barrio Rural 291
0%
Barrio Tungoil 199
0%
Caá Yarí 122
0%
Domingo Savio 307
0%
Dos Arroyos 233
0%
El Salto 207
0%
Florentino Ameghino 110
0%
Gobernador López 1,010
0%
Helvecia 273
0%
Integración 191
0%
Kilómetro 17 439
0%
La Corita 279
0%
Laharrague 791
0%
María Magdalena 2,525
0%
Mártires 530
0%
Nemesio Parma 960
0%
Nueva Delicia 817
0%
Oasis 821
0%
Pueblo Nuevo 651
0%
Puerto Deseado 179
0%
Puerto Mado 342
0%
Rincón de Azara 252
0%
Roca Chica 667
0%
San Francisco de Asís 603
0%
Santiago de Liniers 541
0%
Tarumá 810
0%
Valle Hermoso 626
0%
Villa Akerman 489
0%
Villa Libertad 1,008
0%
Villa Roulet 811
0%
Villa Urrutia 123
0%
No matching quizzes found
Score Distribution
Percent of People with Each Score
Percentile by Number Answered
Your Score History
You have not taken this quiz since the last reset